| 000 | 00800nam a22002537a 4500 | ||
|---|---|---|---|
| 999 |
_c200431294 _d49506 |
||
| 003 | TR-AnTOB | ||
| 005 | 20190408222116.0 | ||
| 007 | ta | ||
| 008 | 181026s1999 gaua||| |||| 001 0 eng d | ||
| 040 |
_aTR-AnTOB _cTR-AnTOB _erda |
||
| 041 | 0 | _aeng | |
| 050 |
_aLD1751.E382 _bH38 1999 |
||
| 090 |
_aLD1751.E382 _bH38 1999 |
||
| 100 | 1 |
_aHauk, Gary S. _9122390 |
|
| 245 | 1 | 2 |
_aA legacy of heart and mind : _bEmory since 1836 / _cGary S. Hauk. |
| 264 |
_aAtlanta, GA : _bEmory University : _bDeveloped and produced by Bookhouse Group, Inc., _c1999. |
||
| 300 |
_axvii, 222 pages ; _c31 cm. |
||
| 336 |
_2rdacontent _btxt _atext |
||
| 337 |
_2rdamedia _bn _aunmediated |
||
| 338 |
_2rdacarrier _bnc _avolume |
||
| 610 | 2 | 0 |
_9122391 _aEmory University _xHistory |
| 942 |
_2lcc _cBK |
||